| 000 | 01530nam a2200397 a 4500 | ||
|---|---|---|---|
| 001 | ebr10419513 | ||
| 003 | CaPaEBR | ||
| 006 | m u | ||
| 007 | cr cn||||||||| | ||
| 008 | 081017s2008 dcu sb 001 0 eng | ||
| 010 | _z 2008044011 | ||
| 020 | _z9781596985568 | ||
| 040 |
_aCaPaEBR _cCaPaEBR |
||
| 035 | _a(OCoLC)680628239 | ||
| 043 | _an-us--- | ||
| 050 | 1 | 4 |
_aHV6432 _b.S697 2008eb |
| 082 | 0 | 4 |
_a320.5/570973 _222 |
| 100 | 1 |
_aSpencer, Robert, _d1962- |
|
| 245 | 1 | 0 |
_aStealth jihad _h[electronic resource] : _bhow radical Islam is subverting America without guns or bombs / _cRobert Spencer. |
| 260 |
_aWashington, DC : _bRegnery Pub., _cc2008. |
||
| 300 | _a328 p. | ||
| 504 | _aIncludes bibliographical references (p. 285-310) and index. | ||
| 533 |
_aElectronic reproduction. _bPalo Alto, Calif. : _cebrary, _d2013. _nAvailable via World Wide Web. _nAccess may be limited to ebrary affiliated libraries. |
||
| 650 | 0 |
_aTerrorism _zUnited States. |
|
| 650 | 0 |
_aSubversive activities _zUnited States. |
|
| 650 | 0 |
_aConspiracies _zUnited States. |
|
| 650 | 0 |
_aIslam _zUnited States. |
|
| 650 | 0 | _aJihad. | |
| 650 | 0 |
_aWar _xReligious aspects _xIslam. |
|
| 650 | 0 |
_aTerrorism _xReligious aspects _xIslam. |
|
| 650 | 0 |
_aReligious tolerance _xIslam. |
|
| 650 | 0 |
_aIslam _vControversial literature. |
|
| 655 | 7 |
_aElectronic books. _2local |
|
| 710 | 2 | _aebrary, Inc. | |
| 856 | 4 | 0 |
_uhttp://site.ebrary.com/lib/rucke/Doc?id=10419513 _zAn electronic book accessible through the World Wide Web; click to view |
| 999 |
_c185923 _d185923 |
||